00979nam a2200229 a 4500001001000000003000500010005001700015008004100032010001100073011001100084040000900095100003400104245016000138260004100298500006000339502013100399650004100530650004200571650003100613650003500644856007000679000109516CHAP20220329144053.0140507s2013 mx sm |||||||spa d a105978 a106950 cCHAP1 aMonzón de la Cruz, Gladiana10aAnálisis económico de la producción de tomate de cáscara en la Zona Oriente del Estado de Méxicoh[En línea]cpor Gladiana Monzón de la Cruz. aChapingo, Méx. :bEl autor,c2013. aPara ver el contenido del material haga clic en la liga aTesis (M. C. en Economía Agrícola y de los Recursos Naturales) -- UACH. División de Ciencias Económico Administrativas14aTomate verdexAspectos económicos.14aTomate verdexCostos de producción.14aTomate verdexRendimiento.14aTomate verdezMéxico (Edo.). aFinding aiduhttp://10.13.5.2/tesis/sist109516.pdfzTeclea aquí